ბათუმის შოთა რუსთაველის სახელმწიფო უნივერსიტეტის ბიბლიოთეკა

კრიმინოლოგია : (ბიბ.ჩანაწერი № 59531)

000 -ლიდერი
ფიქსირებული სიგრძის საკონტროლო ველი 01108nam a22002417a 4500
003 - საკონტროლო ნომრის იდენტიფიკატორი
საკონტროლო ველი Ge_BSU
005 - ბოლო ოპერაციის თარიღი და დრო
საკონტროლო ველი 20230310125402.0
008 - ფიქსირებული სიგრძის მონაცემთა ელემენტები - ზოგადი ინფორმაცია
ფიქსირებული სიგრძის საკონტროლო ველი 230310s2003 ge ||||| |||| 00| 0 geo d
020 ## - წიგნის საერთაშორისო სტანდარტული ნომერი
International Standard Book Number 9994010913
041 ## - ენის კოდი
Language code of text/sound track or separate title geo
080 ## - უნივერსალური ათობითი კლასიფიკაციის ინდექსი
Universal Decimal Classification number 343.9(075.8) წ-85
100 ## - მთავარი ჩანაწერი - პიროვნების სახელი
Personal name წულაია, ზაურ
9 (RLIN) 12304
245 ## - ცნობა სათაურის შესახებ
Title კრიმინოლოგია :
Remainder of title (ზოგადი ნაწილი) /
Statement of responsibility, etc ზაურ წულაია ; [რედ.: სოსო პაჭკორია].
264 ## - წარმოების, გამოცემის, დისტრიბუციის და სხვა ცნობები
გამოცემის, წარმოების, დისტრიბუციის... ადგილი თბილისი :
გამოცემის, წარმოების, დისტრიბუციის... სახელწოდება ინტელექტი,
გამოცემის, წარმოების, დისტრიბუციის... თარიღი 2003.
300 ## - ფიზიკური აღწერა
Extent 280 გვ. ;
Other physical details 20 სმ.
504 ## - BIBLIOGRAPHY, ETC. NOTE
Bibliography, etc ბიბლიოგრ. ტექსტ. შენიშვნ.
653 ## - INDEX TERM--UNCONTROLLED
Uncontrolled term კრიმინოლოგიის სახელმძღვანელო
653 ## - INDEX TERM--UNCONTROLLED
Uncontrolled term პროფესიული დანაშაულობა
653 ## - INDEX TERM--UNCONTROLLED
Uncontrolled term ორგანიზებული დანაშაულობა
653 ## - INDEX TERM--UNCONTROLLED
Uncontrolled term რეციდივი
700 ## - ADDED ENTRY--PERSONAL NAME
Personal name პაჭკორია, სოსო
Relator term რედაქტორი
9 (RLIN) 17164
942 ## - ADDED ENTRY ELEMENTS (KOHA)
Source of classification or shelving scheme
Koha item type წიგნი
ეგზემპლარები
ჩამოწერის სტატუსი დაკარგული ეგზემპლარის სტატუსი კლასიფიკაციის წყარო ან თაროზე გაწყობის სქემა დაზიანების სტატუსი არ გაიცემა მუდმივი მდებარეობა (დაცვის ადგილი) ამჟამინდელი ადგილსამყოფელი თაროზე განთავსების ადგილი შეძენის თარიღი ღირებულება, შესყიდვის ნორმალური ფასი სრული შენახვის შიფრი შტრიხკოდი ბოლო ოპერაციის თარიღი ეგზემპლარის მიმდევრობითი ნომერი (კეტერი?) ფასის ძალაში შესვლის თარიღი ეგზემპლარის სახეობა საჯარო შენიშვნა
          ბათუმის შოთა რუსთაველის სახელმწიფო უნივერსიტეტის მთავარი ბიბლიოთეკა ბათუმის შოთა რუსთაველის სახელმწიფო უნივერსიტეტის მთავარი ბიბლიოთეკა წიგნსაცავი 2023-03-10 6.00 343.9(075.8) წ-85 63996 2023-03-10 63996 2023-03-10 წიგნი 6 ლ.